Σφαίρα εικονογραφημένον περιοδικόν.

Αποθηκεύτηκε σε:
Λεπτομέρειες βιβλιογραφικής εγγραφής
Μορφή: Επιστημονικό περιοδικό
Γλώσσα:Greek
Δημοσίευση: Αθήνα : Έκδοσις Εργατικής Εστίας, 1955-
Θέματα:
Ετικέτες: Προσθήκη ετικέτας
Δεν υπάρχουν, Καταχωρήστε ετικέτα πρώτοι!

MARC

LEADER 00000cas a2200000 a 4500
001 1/116027
008 180305d1955####gr sr|p|||||||| ||gre||
040 |a GR-MyUa  |b gre  |c GR-MyUa  |e AACR2 
041 0 |a gre 
082 7 |a 306   |2 (23) 
245 0 0 |a Σφαίρα   |h [περιοδικό] :   |b εικονογραφημένον περιοδικόν.  
260 |a Αθήνα :   |b Έκδοσις Εργατικής Εστίας,   |c 1955-  
300 |a τ. ;   |c 50 εκ.  
310 |a Δεκαπενθήμερο,   |b 1955-  
362 1 |a Φύλλο 1 (17 Απριλίου 1955)-  
500 |a Η βιβλιοθήκη διαθέτει τα φύλλα του έτους σε δεμένο τόμο.  
505 8 |a Τόμος 1955: Αρ. Φύλλου 1-17, Τόμος 1956: Αρ. Φύλλου 18-41, Τόμος 1957: Αρ. Φύλλου 42-65, Τόμος 1958: Αρ. Φύλλου 66-88, Τόμος 1959: Αρ. Φύλλου 89-113.  
588 |a Περιγραφή από το πρωτότυπο.  
651 0 |a Greece  |x Civilization  |x Periodicals. 
853 |a INST  |b LESVOS  |c SER  |h 306 
920 |a Τμήμα Κοινωνικής Ανθρωπολογίας και Ιστορίας  |y Λέσβος 
970 |a Τζαφέρη  |b Ευαγγελία  |z 05-03-2018